| 000 | 00659nam a2200205 a 4500 | ||
|---|---|---|---|
| 005 | 20251024063926.0 | ||
| 008 | 050304s2002 mx r 000 0 spa d | ||
| 020 | _a968185585X | ||
| 035 | _aUPN01000137781 | ||
| 049 | _aCG | ||
| 050 | 4 |
_aQ182.3 _bV3.3 |
|
| 100 | 1 |
_aVanCleave, Janice Pratt, _d1942- _930251 |
|
| 245 | 1 | 0 |
_aGuía de los mejores proyectos para la feria de ciencias / _cJanice VanCleave. |
| 260 |
_aMéxico : _bLimusa : _bWiley, _c2002. |
||
| 300 |
_a166 p. : _bil. |
||
| 440 | 0 | _aBiblioteca científica para niños y jóvenes | |
| 650 | 4 |
_aCiencia _xExperimentos _95900 |
|
| 650 | 4 |
_aPROYECTOS CIENTIFICOS - _vMANUALES _91509 |
|
| 905 | _aLibro | ||
| 999 |
_c109932 _d109932 |
||